000 00356nam a2200145Ia 4500
003 LK-CoDNM
008 010623t1923 xxu||||| |||| 00| 1 eng d
040 _aLK-CoDNM
_dLK-CoDNM
_eLK-CoDNM
041 _aeng
080 _a50
_bK16
245 _aPlates Ceylon annual,1923
260 _bPlate Ltd
_aColpetty
_c1923
300 _b80p,ill,pl., 27 cm
942 _cBK
999 _c91540
_d91540